Quizzes
Events
Quiz Creation
Community
Videos
Private Events
Remove Ads
Sign In
Join for FREE
Feedback
Dark Mode
Quiz Categories
Sports
Geography
Music
Movies
Television
Just For Fun
Miscellaneous
History
Literature
Language
Science
Gaming
Entertainment
Religion
Holiday
For Kids
Quiz Lab
Recent
Popular Today
Quiz Kudos Today
Editor Picks
Curator Picks
Quizzes by...
Day
Popularity
Type
Ratings
Length
Year
Community
Subscriptions
Recent Discussions
Orange Saloon
Badges
Playlists
Quests
Create
Leaderboards
Showdown
Live 5
Trivia Bingo
Activity
Puzzle Library
Sporcle Events
Private Events
Virtual Trivia
Globe League
Become a Host
Pub Owners
SporcleCon
Opinionation
Our Games
Videos
Blog
Mobile Apps
Partnerships
Remove Ads and Go Orange
Feedback
Language
Vocabulary
Begins and Ends
Definition
Spanish
French
German
Italian
Chinese
Latin
Translation
Japanese
Language
Vocabulary
Begins and Ends
Definition
Spanish
French
German
Italian
Chinese
Latin
Translation
Japanese
Random Quiz
Search Sporcle
×
Quiz Lab
Quiz Lab
Language
Animal
Type in answers that appear in a list
Type in answers that appear in a list
Classic
Best Score? Go Orange.
What Does it Mean Stats
Can you name the meaning of the words?
By
SuperMonkey12
4m
10 Questions
26 Plays
26 Plays
26 Plays
Comments
Comments
Give Quiz Kudos
Give Quiz Kudos
-
- Ratings
hide this ad
Replay
Link that replays current quiz
Next Quiz
Link to next quiz in quiz playlist
You Got
0%
They Got
Avg Score
53%
Avg Friend Score
Upgrade to see
Score Distribution
Jump to the score distribution portion of the page
Score
0/10
Timer
04:00
0
Plays Today
Other language
% Correct
Elepante
Elephant
92.3%
Tigre
Tiger
92.3%
Leon
Lion
88.5%
Baka
Cow
50%
Ungoy
Monkey
46.2%
Aso
Dog
42.3%
Pusa
Cat
42.3%
Gansa
Goose
34.6%
Baboy
Pig
26.9%
Kambing
Goat
23.1%
Quiz Playlist
Details
Report
Send in Message
Add To Playlist
Classic:
Type in answers that appear in a list
Last Updated: Feb 16, 2017
Quiz Scoreboard
CHALLENGE
Sign Up to Join the Scoreboard
Show All
Scores
Hide
Comments
May contain spoilers
Recently Published
NBA Finals Game Top Scorers (2010s)
by flibbidy
Sports
5m
Guess the 'R' Things in 3 Words
by MSUKent
Miscellaneous
3m
Actor to Badly Drawn Movie III
by MoMosMoProblems
Movies
5m
More to Explore
Quiz From the Vault
Featured Blog Post
Where Does Lost Luggage Go?
hide this ad
You Might Also Like...
Tags
Animal Quiz
Italian Quiz
doesnt
Italy
Most Animals
Whatever
Today's Top Quizzes in Language
Browse Language
hide this ad
Today's Top Quizzes in Animal
Browse Animal
Top Contributed Quizzes in Language
1
Einsilbige Reime auf Chips
2
Linguistic Evolution! (V)
3
Trivia Jigsaw: Language
4
Guess the Word in 3 Words
5
One-Minute Crossword CCLVI
6
Here... Let me make up a word for that
7
1960s Slang
8
Hiragana Speed Reading
9
AP Lang. Literary Terms
10
One-Minute Crossword CCLV
Explore More
Trending Topics
Crossword
NBA
Kpop
Disney
Marvel
Harry Potter
Anime
Song
Pokémon
WWE
Soccer
The Office
NFL
Puzzle
Country
hide this ad
More By:
SuperMonkey12
Quiz
Plays
Rating
Category
Featured
Created
Missing Word: Justin Bieber
3,229
2.50
Just For Fun
Oct 15, 2011
What Does it Mean
26
Language
Nov 9, 2011
Word Ladder State-Cakes
16
Just For Fun
Oct 26, 2011
Go to Creator's Profile
Score Distribution
Quiz Creator Spotlight
SuperMonkey12
Follow
Send a Message
Quizzes Created
-
Created Quiz Play Count
-
More By This Creator
Popular Quizzes Today
1
Find the US States - No Outlines Minefield
2
Find the US States
3
The Countries of the World
4
10 Largest US States in Order
5
Find the Countries of Europe - No Outlines Minefield
6
US States
7
Guess the 'R' Things in 3 Words
8
NBA Finals Game Top Scorers (2010s)
More Language Quizzes
Italian: Prepositions
Published
Trending Quizzes
First Name TV: Leading Men
Match the Book to the Film II
First Name TV: Leading Women Drama
Match the Book to the Film VI
Pick A Pair: Religious TV
Recently Updated
Women's Final Four Teams by Year
bhenderson79
Presidents Quartet II
eogle
Anything But Clue(do)
eogle
Anything But Oceanian Capitals
eogle
Anything But 7
eogle
Anything But Thing
eogle
Word Ladder: February 29
pecheneg
Song Title Questions
pecheneg
Women's NCAA Tournament #1 Seeds
pecheneg
Celebrity Mug Shots
pecheneg
Trending Topics
Anime
Marvel
Kpop
Harry Potter
Crossword
NBA
Disney
Soccer
The Office
Puzzle
NFL
Pokémon
Song
Country
WWE
Your Account Isn't Verified!
In order to create a playlist on Sporcle, you need to verify the email address you used during registration. Go to your
Sporcle Settings
to finish the process.
Report this User
Report this user for behavior that violates our
Community Guidelines
.
Details:
Send Report
Go to the Sporcle.com Mobile Site →
Comments